[Event "St. Petersburg-ch Women 2021"]
[Site "St. Petersburg"]
[Date "2021.03.25"]
[Round "1.7"]
[White "Styazhkina, Anna"]
[Black "Tskhadadze, Anna"]
[Result "0-1"]
[WhiteElo "2294"]
[BlackElo "1879"]
[Annotator "RC"]
[PlyCount "132"]
[EventDate "2021.03.25"]
[EventType "swiss"]
[EventCountry "RUS"]
[SourceTitle "playchess.com"]
[Source "ChessBase"]
[SourceQuality "1"]
[TimeControl "40/5400+30:1800+30"]

1. e4 {[%emt 0:00:00]} d6 {[%emt 0:00:00]} 2. d4 {[%emt 0:00:00]} Nf6 {[%emt 0:00:00]} 3. Nc3 {[%emt 0:00:13]} e5 {[%emt 0:00:00]} 4. Nge2 {[%emt 0:00:51]} Be7 {[%emt 0:00:34]} 5. g3 {[%emt 0:00:40]} O-O {[%emt 0:00:19]} 6. Bg2 {[%emt 0:00:20]} Re8 {[%emt 0:00:40]} 7. O-O {[%emt 0:02:51]} c6 {[%emt 0:00:51]} 8. a4 {[%emt 0:02:42]} Bf8 {[%emt 0:03:41]} 9. h3 {[%emt 0:06:52]} Na6 {[%emt 0:02:08]} 10. Be3 {[%emt 0:17:30]} Nc7 {[%emt 0:02:43]} 11. g4 {[%emt 0:09:01]} exd4 {[%emt 0:17:16]} 12. Bxd4 {[%emt 0:01:51]} Bd7 {[%emt 0:04:28]} 13. Ng3 {[%emt 0:08:23]} c5 {[%emt 0:05:07]} 14. Be3 {[%emt 0:01:36]} Bc6 {[%emt 0:01:25]} 15. g5 {[%emt 0:03:13]} Nd7 {[%emt 0:00:12]} 16. b3 {[%emt 0:10:12]} g6 {[%emt 0:02:50]} 17. Qd2 {[%emt 0:02:32]} Bg7 {[%emt 0:06:41]} 18. Rad1 {[%emt 0:01:00]} Ne6 {[%emt 0:04:41]} 19. Nce2 {[%emt 0:03:43]} c4 {[%emt 0:07:00]} 20. b4 {[%emt 0:06:51]} a6 {[%emt 0:05:13]} 21. f4 {[%emt 0:03:33]} Bxa4 {[%emt 0:06:34]} 22. f5 {[%emt 0:07:02]} Nc7 {[%emt 0:02:29]} 23. f6 {[%emt 0:06:29]} Bf8 {[%emt 0:00:15]} 24. Nc3 {[%emt 0:01:40]} Bc6 {[%emt 0:00:25]} 25. Nd5 {[%emt 0:01:16]} Rc8 {[%emt 0:06:19]} 26. Qf2 {[%emt 0:01:45]} Nxd5 {[%emt 0:01:05]} 27. exd5 {[%emt 0:00:04]} Ba4 {[%emt 0:02:36]} 28. Rfe1 {[%emt 0:00:28]} a5 {[%emt 0:02:34]} 29. Ra1 {[%emt 0:00:54]} b5 {[%emt 0:00:20]} 30. Rab1 {[%emt 0:00:35]} axb4 {[%emt 0:00:35]} 31. Rxb4 {[%emt 0:00:10]} Qa5 {[%emt 0:01:36]} 32. Rbb1 {[%emt 0:00:40]} b4 {[%emt 0:03:19]} 33. Bd4 {[%emt 0:00:38]} b3 {[%emt 0:03:03]} 34. c3 {[%emt 0:00:32]} Ne5 {[%emt 0:04:10]} 35. Rf1 {[%emt 0:00:43]} Nd3 {[%emt 0:00:24]} 36. Qd2 {[%emt 0:00:19]} Ra8 {[%emt 0:03:01]} 37. h4 {[%emt 0:00:44]} Bd7 {[%emt 0:00:34]} 38. h5 {[%emt 0:00:23]} Qb5 {[%emt 0:02:02]} 39. hxg6 {[%emt 0:00:30]} hxg6 {[%emt 0:00:06]} 40. Qd1 {[%emt 0:00:00]} Ra2 {[%emt 0:00:00]} 41. Qf3 {[%emt 0:06:20]} b2 {[%emt 0:03:59]} 42. Qd1 {[%emt 0:12:15]} Rea8 {[%emt 0:01:45]} 43. Be4 {[%emt 0:02:24]} Bh3 {[%emt 0:05:49]} 44. Bxg6 {[%emt 0:10:37]} Qxd5 {[%emt 0:05:42]} 45. Ne4 {[%emt 0:01:27]} Qe6 {[%emt 0:02:09]} 46. Kh2 {[%emt 0:00:34]} Bg4 {[%emt 0:01:51]} 47. Qd2 {[%emt 0:00:33]} d5 {[%emt 0:00:38]} 48. Ng3 {[%emt 0:00:23]} fxg6 {[%emt 0:03:30]} 49. f7+ {[%emt 0:00:10]} Kh7 {[%emt 0:00:03]} 50. Rh1 {[%emt 0:00:54]} Bh3 {[%emt 0:01:33]} 51. Qg2 {[%emt 0:00:36]} Nf4 {[%emt 0:00:45]} 52. Qf3 {[%emt 0:00:25]} Qxf7 {[%emt 0:01:53]} 53. Be5 {[%emt 0:00:32]} Bg7 {[%emt 0:04:26]} 54. Bxf4 {[%emt 0:00:27]} Bf5 {[%emt 0:00:46]} 55. Nxf5 {[%emt 0:00:34]} Qxf5 {[%emt 0:00:10]} 56. Kg3+ {[%emt 0:00:24]} Kg8 {[%emt 0:00:07]} 57. Rhd1 {[%emt 0:00:30]} d4 {[%emt 0:02:45]} 58. Rxb2 {[%emt 0:00:30]} R2a3 {[%emt 0:01:19]} 59. Rc1 {[%emt 0:00:35]} dxc3 {[%emt 0:00:23]} 60. Rbc2 {[%emt 0:00:14]} Rd8 {[%emt 0:00:31]} 61. Be3 {[%emt 0:00:41]} Be5+ {[%emt 0:01:09]} 62. Kg2 {[%emt 0:00:28]} Qe6 {[%emt 0:00:36]} 63. Rf1 {[%emt 0:00:36]} Bg7 {[%emt 0:00:24]} 64. Bc5 {[%emt 0:00:29]} Ra5 {[%emt 0:00:29]} 65. Re2 {[%emt 0:00:28]} Qxe2+ {[%emt 0:00:59]} 66. Qxe2 {[%emt 0:00:14]} Rd2 {[%emt 0:02:03]} 0-1

[Event "St. Petersburg-ch Women 2021"]
[Site "St. Petersburg"]
[Date "2021.03.25"]
[Round "1.8"]
[White "Pankova, Julia"]
[Black "Belenkaya, Dina"]
[Result "0-1"]
[WhiteElo "1874"]
[BlackElo "2293"]
[Annotator "TA"]
[PlyCount "120"]
[EventDate "2021.03.25"]
[EventType "swiss"]
[EventCountry "RUS"]
[SourceTitle "playchess.com"]
[Source "ChessBase"]
[SourceQuality "1"]

{[%evp 11,120,42,36,15,14,18,18,32,36,11,19,0,107,24,6,16,53,51,52,41,47,28,30,12,21,15,37,-24,-7,-7,40,37,41,43,33,19,32,14,45,43,46,22,17,34,26,22,41,33,58,0,0,0,0,0,10,-67,0,-144,116,0,0,0,0,0,0,0,14,29,36,45,56,57,57,58,85,85,102,0,0,0,-6,-8,0,0,0,0,0,-16,14,14,14,-332,-327,-575,-566,-1324,-1187,-1668,-1591,-2789,-2700,-29980,-9693,-29983,-29984,-29987,-29988,-29988,-29987,-29987,-29988]} 1. e4 d5 2. exd5 Qxd5 3. Nc3 Qa5 4. d4 Nf6 5. Nf3 c6 6. Be2 Bf5 7. O-O {B01: Scandinavian Defence.} h6 8. Bf4 e6 9. Ne5 {The position is equal.} Be7 10. Qd2 O-O {[#]} 11. Rad1 $146 ({Predecessor:} 11. Rfe1 Nbd7 12. Nc4 Qd8 13. Nd6 Bxd6 14. Bxd6 Re8 15. h3 Nd5 16. Nxd5 exd5 17. Bf1 {1-0 (53) Sindarov,J (2557)-Kopylov,M (2407) chess.com INT 2020}) 11... Bb4 (11... Nbd7 $11) 12. Nc4 (12. Bxh6 $1 $16 Bxc3 13. bxc3) 12... Qd8 $11 13. Bf3 Na6 14. a3 Be7 15. Rfe1 Nc7 16. Na5 Qc8 17. h3 Rd8 18. g4 Bg6 19. Qe2 (19. Bg3 $14) 19... Ncd5 20. Nxd5 Nxd5 (20... cxd5 {with more complications.} 21. c3 Qd7 22. Nb3 Qc6 23. Bg2 Qb6) 21. Bg3 Bd6 22. Bxd6 Rxd6 23. Nc4 Rd8 24. Ne5 Nf4 25. Qe3 Nxh3+ 26. Kg2 Ng5 27. Nxg6 fxg6 28. Be2 $1 Re8 29. Bc4 $36 {[%mdl 2048] White is pushing.} b5 30. Bd3 (30. Ba2 $14) 30... e5 $1 31. dxe5 Qxg4+ 32. Qg3 Qe6 33. Re3 ({White should try} 33. f4 $1 $11 Qd5+ 34. Kf2) 33... Rad8 (33... Qd5+ $1 $15 34. f3 Rf8) 34. Rf1 (34. f4 $11 Qd5+ 35. Kh2) 34... Nf7 $2 {[%mdl 8192]} (34... Qd5+ $1 $17 35. Kg1 Rxe5 $3 {[%mdl 512]}) 35. Qxg6 ({White has to play} 35. Bxg6 $16 Rd2 36. Kg1) 35... Qxg6+ (35... Nxe5 $2 36. Qh7+ Kf8 37. Rfe1 $18) 36. Bxg6 Re6 37. Bxf7+ Kxf7 {[%mdl 4096] Endgame KRR-KRR} 38. f4 Rg6+ 39. Kf3 Ke6 40. Ke4 Rg4 41. Rc3 Rc8 42. Rd3 h5 43. Rd6+ Ke7 44. Rf3 ({White should play} 44. Rfd1 $16) 44... g5 45. Rf6 Rf8 46. Rxc6 Rgxf4+ 47. Rxf4 Rxf4+ {KR-KR} 48. Kd5 g4 {White must now prevent ...g3.} 49. Rh6 (49. Rc7+ {feels hotter.} Kf8 50. Rh7 g3 51. Rxh5 g2 52. Rg5) 49... Rf5 {Hoping for ...Rg5.} 50. Rh7+ Kf8 {Strongly threatening ...g3.} 51. Ke6 $2 {[%mdl 8192] [#] This costs White the game.} ({Avoid the trap} 51. Rxa7 $2 g3 $19) (51. Kd6 $11 {and White stays safe.} Rf2 52. Rh8+ (52. Rxh5 g3 $11) 52... Kg7 53. Rxh5) 51... Kg8 $1 $19 {[%cal Rg8h7][%mdl 512]} 52. Rxa7 (52. Kxf5 Kxh7 53. Kf4 Kg6 $19) (52. Rd7 Rf3 53. Rd8+ (53. Rxa7 $2 g3 $19) 53... Kg7 54. Rd7+ Kh6 55. Rd8) (52. Rd7 Rf2) 52... Rf2 53. Rd7 g3 54. Rd3 h4 55. Rd4 g2 56. Rg4+ Kf8 57. Kd7 h3 {Black mates.} 58. e6 Rd2+ 59. Kc6 Rxc2+ 60. Kd7 Rd2+ {Weighted Error Value: White=0.74/Black=0.19} 0-1

[Event "St. Petersburg-ch Women 2021"]
[Site "St. Petersburg"]
[Date "2021.03.26"]
[Round "2.1"]
[White "Belenkaya, Dina"]
[Black "Moiseeva, Olesya"]
[Result "1-0"]
[WhiteElo "2293"]
[BlackElo "1961"]
[Annotator "TA"]
[PlyCount "94"]
[EventDate "2021.03.25"]
[EventType "swiss"]
[EventCountry "RUS"]
[SourceTitle "playchess.com"]
[Source "ChessBase"]
[SourceQuality "1"]

{[%evp 10,94,85,49,54,54,66,61,88,37,75,83,90,41,54,-12,11,0,48,43,53,72,54,0,6,0,0,7,31,29,29,35,29,4,21,16,9,7,41,22,244,193,199,200,202,190,206,201,187,214,183,216,213,213,229,227,255,249,295,287,364,359,345,327,547,558,749,708,672,697,677,653,873,1086,1088,1063,1774,1616,1607,1085,5743,9031,5726,5377,29959,29963,416]} 1. e4 g6 2. d4 Bg7 3. Nc3 d6 4. f4 Nd7 5. Nf3 c5 6. d5 Nh6 {A43: Schmid Benoni.} 7. Bd3 O-O 8. O-O Nb6 {[#] White is slightly better.} 9. Qe2 $146 ({White should try} 9. a4 $16) ({Predecessor:} 9. h3 Kh8 10. a4 f5 11. a5 c4 12. Be2 Nd7 13. e5 Qc7 14. Be3 dxe5 15. Nb5 {0-1 (49) Bergen,K (1858)-Zilbershtein,V (1717) Bled 2018}) 9... Bg4 10. h3 Bxf3 11. Rxf3 ({Much worse is} 11. gxf3 $6 e6 $11) 11... Rc8 {[#] ...c4 is the strong threat.} 12. Bc4 (12. Qe1 $14) 12... f5 13. a4 fxe4 14. Nxe4 e6 15. Ng5 exd5 16. Bxd5+ Nxd5 17. Qe6+ {[%mdl 64] [#] Double Attack} Kh8 {Strongly threatening ...Nc7.} 18. Qxd5 Qe8 (18... Qd7 {seems wilder.} 19. Bd2 Bxb2 20. Re1 Bd4+ 21. Kh2 Rce8) 19. c3 ({Avoid the trap} 19. Qxd6 $2 Nf5 $19) 19... Qc6 20. Qxc6 bxc6 21. g4 Rce8 22. Re3 Rxe3 23. Bxe3 {And now Rd1 would win.} Re8 24. Re1 d5 $2 {This costs Black the game.} (24... Kg8 $11 {and Black stays safe.}) 25. Bf2 Rxe1+ 26. Bxe1 $18 {[%mdl 4096] Endgame KBN-KBN} d4 27. Ne6 dxc3 28. bxc3 Nf7 29. Nxc5 Nd6 30. Kf2 Kg8 31. Ke3 Kf7 32. Kd3 h5 33. Bf2 hxg4 34. hxg4 Bh6 35. Be3 Ke7 36. a5 Nb5 $2 (36... Nc8 37. Ne4 Kd7) 37. Na6 Kd7 38. c4 Nd6 39. g5 Bf8 40. Bxa7 Nb7 41. Bb6 Bd6 42. Ke4 c5 43. f5 gxf5+ 44. Kxf5 Ke7 45. Nc7 Bh2 46. Nd5+ Kf7 47. a6 Nd6+ {Weighted Error Value: White=0.14/Black=0.53} 1-0

[Event "St. Petersburg-ch Women 2021"]
[Site "St. Petersburg"]
[Date "2021.03.26"]
[Round "2.2"]
[White "Tskhadadze, Anna"]
[Black "Nazarova, Anastasia"]
[Result "1/2-1/2"]
[WhiteElo "1879"]
[BlackElo "2184"]
[Annotator "RC"]
[PlyCount "72"]
[EventDate "2021.03.25"]
[EventType "swiss"]
[EventCountry "RUS"]
[SourceTitle "playchess.com"]
[Source "ChessBase"]
[SourceQuality "1"]
[TimeControl "40/5400+30:1800+30"]

1. c4 {[%emt 0:00:00]} e6 {[%emt 0:02:12]} 2. Nf3 {[%emt 0:00:00]} d5 {[%emt 0:00:30]} 3. d4 {[%emt 0:00:08]} Nf6 {[%emt 0:00:12]} 4. e3 {[%emt 0:00:11]} Be7 {[%emt 0:01:01]} 5. b3 {[%emt 0:00:07]} b6 {[%emt 0:01:42]} 6. Bd3 {[%emt 0:00:14]} Bb7 {[%emt 0:00:11]} 7. O-O {[%emt 0:00:11]} O-O {[%emt 0:00:15]} 8. Nbd2 {[%emt 0:00:48]} Nbd7 {[%emt 0:02:18]} 9. Qc2 {[%emt 0:00:37]} h6 {[%emt 0:02:40]} 10. Bb2 {[%emt 0:03:01]} c5 {[%emt 0:01:43]} 11. Rac1 {[%emt 0:00:16]} Rc8 {[%emt 0:01:24]} 12. Qb1 {[%emt 0:02:26]} Rc7 {[%emt 0:05:41]} 13. Ne5 {[%emt 0:07:21]} Qa8 {[%emt 0:06:39]} 14. Nxd7 {[%emt 0:03:42]} Nxd7 {[%emt 0:03:00]} 15. cxd5 {[%emt 0:01:21]} Bxd5 {[%emt 0:01:22]} 16. Be4 {[%emt 0:02:20]} Rfc8 {[%emt 0:10:43]} 17. Bxd5 {[%emt 0:01:00]} Qxd5 {[%emt 0:01:05]} 18. Rfd1 {[%emt 0:02:40]} cxd4 {[%emt 0:08:08]} 19. Bxd4 {[%emt 0:04:28]} Rxc1 {[%emt 0:06:34]} 20. Rxc1 {[%emt 0:00:10]} Rc6 {[%emt 0:01:40]} 21. Nf3 {[%emt 0:03:33]} Ba3 {[%emt 0:04:16]} 22. Rd1 {[%emt 0:03:52]} Rd6 {[%emt 0:05:53]} 23. Rf1 {[%emt 0:03:28]} e5 {[%emt 0:03:18]} 24. e4 {[%emt 0:04:04]} Qb5 {[%emt 0:04:32]} 25. Bb2 {[%emt 0:02:42]} Bxb2 {[%emt 0:06:15]} 26. Qxb2 {[%emt 0:00:36]} Qd3 {[%emt 0:01:01]} 27. Nxe5 {[%emt 0:01:51]} Qxe4 {[%emt 0:00:10]} 28. Nxd7 {[%emt 0:52:53]} Rxd7 {[%emt 0:00:06]} 29. Qc3 {[%emt 0:00:00]} Qd3 {[%emt 0:04:26]} 30. Qc8+ {[%emt 0:00:00]} Kh7 {[%emt 0:00:11]} 31. h3 {[%emt 0:00:00]} Rd8 {[%emt 0:03:43]} 32. Qc7 {[%emt 0:00:00]} Rd7 {[%emt 0:00:15]} 33. Qc8 {[%emt 0:00:00]} Rd8 {[%emt 0:00:04]} 34. Qc7 {[%emt 0:00:00]} Rd7 {[%emt 0:00:02]} 35. Qc8 {[%emt 0:00:00]} Rd8 {[%emt 0:00:18]} 36. Qc7 {[%emt 0:00:00]} Rd7 {[%emt 0:14:30]} 1/2-1/2

[Event "St. Petersburg-ch Women 2021"]
[Site "St. Petersburg"]
[Date "2021.03.27"]
[Round "3.7"]
[White "Yurasova, Daria"]
[Black "Belenkaya, Dina"]
[Result "0-1"]
[WhiteElo "2110"]
[BlackElo "2293"]
[Annotator "NA"]
[PlyCount "120"]
[EventDate "2021.03.25"]
[EventType "swiss"]
[EventCountry "RUS"]
[SourceTitle "playchess.com"]
[Source "ChessBase"]
[SourceQuality "1"]
[TimeControl "40/5400+30:1800+30"]

1. e4 {[%emt 0:00:00]} c6 {[%emt 0:04:25]} 2. d4 {[%emt 0:00:01]} d5 {[%emt 0:00:15]} 3. e5 {[%emt 0:00:06]} Bf5 {[%emt 0:02:33]} 4. h4 {[%emt 0:00:05]} h6 {[%emt 0:06:46]} 5. g4 {[%emt 0:00:36]} Bd7 {[%emt 0:00:50]} 6. Nc3 {[%emt 0:07:09]} e6 {[%emt 0:02:06]} 7. Be3 {[%emt 0:01:12]} Qb6 {[%emt 0:13:35]} 8. Nge2 {[%emt 0:20:48]} c5 {[%emt 0:01:37]} 9. Qd2 {[%emt 0:01:04]} Nc6 {[%emt 0:10:49]} 10. f4 {[%emt 0:08:53]} Qa5 {[%emt 0:09:45]} 11. dxc5 {[%emt 0:09:44]} O-O-O {[%emt 0:08:10]} 12. Nd4 {[%emt 0:10:03]} Bxc5 {[%emt 0:03:37]} 13. Nb3 {[%emt 0:03:08]} Bxe3 {[%emt 0:00:18]} 14. Qxe3 {[%emt 0:00:02]} d4 {[%emt 0:08:56]} 15. Nxa5 {[%emt 0:02:30]} dxe3 {[%emt 0:00:02]} 16. Nc4 {[%emt 0:05:28]} Be8 {[%emt 0:03:17]} 17. Rh3 {[%emt 0:06:40]} h5 {[%emt 0:02:47]} 18. g5 {[%emt 0:00:21]} Nge7 {[%emt 0:01:05]} 19. Nd6+ {[%emt 0:00:31]} Kb8 {[%emt 0:01:03]} 20. Rxe3 {[%emt 0:00:39]} Ng6 {[%emt 0:01:21]} 21. O-O-O {[%emt 0:05:07]} Nxf4 {[%emt 0:08:23]} 22. Bb5 {[%emt 0:00:57]} Ng6 {[%emt 0:01:42]} 23. Bxc6 {[%emt 0:01:27]} Bxc6 {[%emt 0:01:27]} 24. Rf1 {[%emt 0:00:58]} Rhf8 {[%emt 0:01:06]} 25. Ncb5 {[%emt 0:08:42]} Nxh4 {[%emt 0:01:31]} 26. Nd4 {[%emt 0:00:13]} Bg2 {[%emt 0:02:04]} 27. Rf2 {[%emt 0:00:52]} b6 {[%emt 0:01:50]} 28. Ra3 {[%emt 0:02:19]} Bb7 {[%emt 0:00:35]} 29. N4b5 {[%emt 0:00:50]} Nf5 {[%emt 0:01:54]} 30. Nxf5 {[%emt 0:01:15]} exf5 {[%emt 0:00:01]} 31. Rxf5 {[%emt 0:00:01]} Bc8 {[%emt 0:00:25]} 32. Rf4 {[%emt 0:00:17]} Rd5 {[%emt 0:00:25]} 33. Nxa7 {[%emt 0:01:04]} Bd7 {[%emt 0:00:29]} 34. e6 {[%emt 0:01:07]} Bxe6 {[%emt 0:00:13]} 35. Nc6+ {[%emt 0:00:27]} Kb7 {[%emt 0:00:31]} 36. Ne7 {[%emt 0:02:09]} Rxg5 {[%emt 0:00:38]} 37. Rfa4 {[%emt 0:00:03]} Ra5 {[%emt 0:01:13]} 38. Re4 {[%emt 0:00:54]} Rxa3 {[%emt 0:01:16]} 39. bxa3 Ra8 {[%emt 0:00:00]} 40. Ng6 {[%emt 0:00:00]} Rxa3 {[%emt 0:00:00]} 41. Nf4 {[%emt 0:00:28]} Bxa2 {[%emt 0:09:38]} 42. Kb2 {[%emt 0:01:55]} Ra5 {[%emt 0:02:15]} 43. c4 {[%emt 0:01:01]} h4 {[%emt 0:03:49]} 44. Re7+ {[%emt 0:12:25]} Kc6 {[%emt 0:08:44]} 45. Rxf7 {[%emt 0:04:00]} g5 {[%emt 0:00:37]} 46. Rf6+ {[%emt 0:00:40]} Kb7 {[%emt 0:01:16]} 47. Rf7+ {[%emt 0:02:09]} Ka6 {[%emt 0:01:14]} 48. Ne6 {[%emt 0:00:48]} Bxc4 {[%emt 0:00:46]} 49. Nc7+ {[%emt 0:00:01]} Kb7 {[%emt 0:00:27]} 50. Rg7 {[%emt 0:00:03]} Kc6 {[%emt 0:01:07]} 51. Ne8 {[%emt 0:00:25]} Bf1 {[%emt 0:02:27]} 52. Rc7+ {[%emt 0:00:17]} Kd5 {[%emt 0:00:36]} 53. Rf7 {[%emt 0:00:57]} Bg2 {[%emt 0:00:49]} 54. Rg7 {[%emt 0:00:41]} Kd4 {[%emt 0:01:11]} 55. Nc7 {[%emt 0:01:03]} Re5 {[%emt 0:02:14]} 56. Na6 {[%emt 0:01:01]} h3 {[%emt 0:00:21]} 57. Rh7 {[%emt 0:00:03]} Rb5+ {[%emt 0:00:13]} 58. Kc1 {[%emt 0:00:16]} g4 {[%emt 0:00:20]} 59. Rh4 {[%emt 0:00:09]} Bf3 {[%emt 0:00:10]} 60. Rh8 {[%emt 0:00:41]} Ke3 {[%emt 0:00:20]} 0-1

[Event "St. Petersburg-ch Women 2021"]
[Site "St. Petersburg"]
[Date "2021.03.27"]
[Round "3.8"]
[White "Murashova, Ekaterina"]
[Black "Karmanova, Olga Dm."]
[Result "1-0"]
[WhiteElo "2207"]
[BlackElo "1971"]
[Annotator "NA"]
[PlyCount "43"]
[EventDate "2021.03.25"]
[EventType "swiss"]
[EventCountry "RUS"]
[SourceTitle "playchess.com"]
[Source "ChessBase"]
[SourceQuality "1"]
[TimeControl "40/5400+30:1800+30"]

1. e4 {[%emt 0:00:00]} c6 {[%emt 0:00:00]} 2. d4 {[%emt 0:00:06]} d5 {[%emt 0:00:00]} 3. exd5 {[%emt 0:00:13]} cxd5 {[%emt 0:00:00]} 4. Nf3 {[%emt 0:01:54]} Nf6 {[%emt 0:00:00]} 5. Ne5 {[%emt 0:00:18]} Nc6 {[%emt 0:04:11]} 6. Bb5 {[%emt 0:01:25]} Qb6 {[%emt 0:03:03]} 7. c4 {[%emt 0:04:21]} Be6 {[%emt 0:06:21]} 8. Qa4 {[%emt 0:09:40]} Rc8 {[%emt 0:12:16]} 9. c5 {[%emt 0:01:23]} Qc7 {[%emt 0:02:37]} 10. Qxa7 {[%emt 0:16:57]} Bd7 {[%emt 0:06:27]} 11. Bxc6 {[%emt 0:02:15]} Bxc6 {[%emt 0:02:09]} 12. Nc3 {[%emt 0:05:59]} Nd7 {[%emt 0:16:52]} 13. Nxc6 {[%emt 0:12:34]} Qxc6 {[%emt 0:00:20]} 14. b4 {[%emt 0:05:18]} g6 {[%emt 0:12:55]} 15. Be3 {[%emt 0:04:03]} Bg7 {[%emt 0:01:20]} 16. b5 {[%emt 0:16:15]} Qc7 {[%emt 0:12:29]} 17. Nxd5 {[%emt 0:01:12]} Qd8 {[%emt 0:00:04]} 18. O-O {[%emt 0:03:06]} e5 {[%emt 0:06:05]} 19. Qxb7 {[%emt 0:07:31]} exd4 {[%emt 0:02:33]} 20. Bg5 {[%emt 0:01:08]} f6 {[%emt 0:05:39]} 21. Rfe1+ {[%emt 0:00:17]} Kf8 {[%emt 0:00:50]} 22. Re7 {[%emt 0:01:48]} 1-0

[Event "St. Petersburg-ch Women 2021"]
[Site "St. Petersburg"]
[Date "2021.03.28"]
[Round "4.1"]
[White "Belenkaya, Dina"]
[Black "Nazarova, Anastasia"]
[Result "1-0"]
[WhiteElo "2293"]
[BlackElo "2184"]
[Annotator "TA"]
[PlyCount "43"]
[EventDate "2021.03.25"]
[EventType "swiss"]
[EventCountry "RUS"]
[SourceTitle "playchess.com"]
[Source "ChessBase"]
[SourceQuality "1"]

{[%evp 12,43,72,45,116,125,249,232,247,228,405,400,377,385,573,567,566,554,553,554,640,637,667,660,697,687,779,775,775,775,856,852,952,863]} 1. e4 c5 2. Nf3 Nc6 3. Bb5 g6 4. c3 Bg7 5. d4 cxd4 6. cxd4 Qb6 {6...Nf6 gains popularity.} 7. Nc3 Nxd4 {[#] B31: Sicilian: 2...Nc6 3 Bb5 g6.} ({Black should try} 7... Nf6 $14) 8. Nd5 $1 $16 {[%cal Rd5b6]} Qa5+ {[#]} (8... Nxf3+ $16 {keeps fighting.} 9. Qxf3 Qd6) 9. Bd2 $146 ({Predecessor:} 9. b4 Nxf3+ 10. Qxf3 Qd8 11. Bf4 e5 12. Qc3 {1-0 (12) Fierro Baquero,M (2330)-Munoz Sanchez,M (2388) Salinas 2005}) 9... Qd8 {[#]White is clearly better.} 10. Nxd4 Bxd4 $2 (10... e6) 11. Rc1 Kf8 12. Nc7 Rb8 {[#]} (12... Bxb2 $142 13. Nxa8 Bxc1) 13. Bh6+ $1 {[%mdl 576] Discovered Attack. White is clearly winning.} Bg7 14. Bxg7+ Kxg7 15. Qd4+ {[%mdl 64] Double Attack} Nf6 16. Qxa7 d5 17. Qxb8 dxe4 18. O-O Qd4 {[#]} 19. Ne8+ $1 Rxe8 20. Bxe8 Bg4 21. Bb5 h5 22. Qg3 {Black did not feel at home in the position after the opening.  Weighted Error Value: White=0.00/Black=0.71} 1-0

[Event "St. Petersburg-ch Women 2021"]
[Site "St. Petersburg"]
[Date "2021.03.28"]
[Round "4.2"]
[White "Yurasova, Daria"]
[Black "Murashova, Ekaterina"]
[Result "0-1"]
[WhiteElo "2110"]
[BlackElo "2207"]
[Annotator "TA"]
[PlyCount "124"]
[EventDate "2021.03.25"]
[EventType "swiss"]
[EventCountry "RUS"]
[SourceTitle "playchess.com"]
[Source "ChessBase"]
[SourceQuality "1"]

{[%evp 16,124,4,0,2,6,6,0,0,-32,-21,-59,-50,-70,-37,-102,-123,-116,-100,-108,-108,-111,-133,-164,-153,-235,-272,-253,-233,-294,-256,-247,-205,-192,-207,-199,-207,-198,-197,-241,-95,-138,-138,-141,-129,-150,-147,-137,-149,-262,-262,-262,-262,-262,-262,-262,-262,-262,-256,-293,-280,-265,-261,-301,-260,-277,-283,-277,-258,-257,-251,-258,-257,-327,-281,-327,-291,-505,-481,-546,-517,-542,-522,-959,-388,-1748,-1458,-1441,-1177,-920,-381,-1704,-1633,-1419,-1427,-1300,-1199,-12041,-12630,-8760,-6325,-5491,-4631,-3153,-2418,-2244,-2149,-29961,-12043,-6087,-6021]} 1. Nf3 d5 2. d4 Nf6 3. g3 Bg4 4. Bg2 c6 5. O-O Nbd7 6. c4 e6 7. Nc3 Be7 8. b3 O-O 9. Bb2 a5 {D11: Slav Defence: 3 Nf3 sidelines and 3...Nf6 4 e3 Bg4.} 10. Re1 h6 {[#]} 11. Qc1 $146 ({Predecessor:} 11. h3 Bf5 12. Nd2 Bb4 13. a3 Bxc3 14. Bxc3 Ne4 15. Nxe4 Bxe4 16. f3 Bg6 17. e4 Qb6 {0-1 (50) Tsaruk,M (2329)-Zhigalko,S (2695) Orsha 2019}) 11... Bf5 {The position is equal.} 12. Ba3 Bb4 13. Bxb4 axb4 14. Nd1 Ra3 15. Ne5 ({Better is} 15. Ne3 $15) 15... Nxe5 $17 16. dxe5 {[#]} Nd7 17. cxd5 cxd5 ({Much worse is} 17... Nxe5 $6 18. Qf4 $11) 18. Qf4 Qa5 19. Ne3 Bg6 20. Rec1 (20. Nf1 $17 {is a better defense.}) 20... Nc5 $19 {White must now prevent ...Nxb3!} 21. Qd4 b6 22. Nf1 {[%cal Be3f1,Bf1d2,Bd2c4][%mdl 32]} Rxa2 23. Nd2 Ra8 24. Rxa2 Qxa2 25. Qxb4 Qb2 {[%mdl 64] [#] Double Attack} 26. Rf1 Qxe5 27. Nc4 Qc7 (27... dxc4 $19 {has better winning chances.} 28. Bxa8 cxb3) 28. Qxb6 Qxb6 29. Nxb6 Rb8 30. b4 Nb3 ({Don't play} 30... Rxb6 $6 31. bxc5 Rc6 32. Rc1 $15) 31. Nd7 Rxb4 32. e4 (32. Bh3 $17) 32... Bxe4 33. Bxe4 dxe4 {[%mdl 4096] Endgame KRN-KRN} ({And not} 33... Rxe4 34. Rb1 $11) 34. Rb1 {With the idea Nc5!} Rb7 35. Ne5 f6 36. Nc6 Nc5 37. Ra1 Rc7 38. Nd4 Rd7 39. Ne2 Kh7 40. Rc1 Nb3 41. Rc3 Nd4 42. Nxd4 Rxd4 {KR-KR} 43. Kf1 Kg6 44. Rc7 f5 45. h4 Kf6 46. Ke2 $2 (46. h5) 46... Ra4 47. Rb7 Ra1 48. Ke3 g5 49. hxg5+ hxg5 50. Ke2 $2 (50. Rb5) 50... Ra2+ 51. Ke3 Ra3+ 52. Ke2 g4 (52... f4 $142 53. Rb4 f3+ 54. Ke1 Ra1+ 55. Kd2 Kf5 56. g4+ Kf4) 53. Rb6 $2 (53. Kf1) 53... Rf3 54. Ra6 e3 55. fxe3 Rxg3 56. Kf2 Rh3 57. Ke2 Rh2+ 58. Kd3 Rb2 59. Ra8 Kg5 60. e4 Rb3+ 61. Ke2 f4 62. Rh8 Re3+ {Weighted Error Value: White=0.52/Black=0.17} 0-1